|
|
|
|
| LEADER |
00990cam a2200361 i 4500 |
| 001 |
000046250 |
| 003 |
5709 |
| 005 |
20030401134204.0 |
| 008 |
010220|1996 vm 000 eng |
| 020 |
|
|
|a 0471961639
|
| 040 |
|
|
|a IRC
|c IRC
|d IRC
|
| 041 |
0 |
|
|a eng
|
| 082 |
1 |
4 |
|a 628.2091732
|b MA-D
|
| 100 |
1 |
|
|a Mara, D. Duncan
|q (David Duncan),
|d 1944-
|
| 245 |
0 |
0 |
|a Low-cost urban sanitation /
|c D. Duncan (David Duncan) Mara.
|
| 260 |
|
|
|a Chichester ; New York :
|b John Wiley and Sons,
|c 1996.
|
| 300 |
|
|
|a xv, 223p. :
|b ill.
|
| 630 |
0 |
4 |
|a Sanitation.
|
| 630 |
0 |
4 |
|a Sewerage.
|
| 650 |
0 |
4 |
|a Sewerage
|x Tropics.
|
| 650 |
0 |
4 |
|a Sewerage
|x Economic aspects
|x Tropics.
|
| 650 |
0 |
4 |
|a Sewerage
|x Social aspects
|x Tropics.
|
| 650 |
0 |
4 |
|a Sanitation
|x Tropics.
|
| OWN |
|
|
|a DUT
|
| 999 |
|
|
|a From the UDN01
|
| TYP |
|
|
|a Monograph
|
| TYP |
|
|
|a Printed language
|
| 980 |
|
|
|a Mạng thư viện Đại học Đà Nẵng
|